| 000 | 01067nab a2200229 i 4500 | ||
|---|---|---|---|
| 001 | BPP | ||
| 003 | BPK | ||
| 005 | 20160411130823.0 | ||
| 008 | 140707s1999 pl f |000 0 pol | ||
| 040 | _cBPK | ||
| 080 | _a621.39 | ||
| 100 |
_aPLICHTA, Jarosław. _d1996 - . _bPolitechnika Koszalińska - Wydział Mechaniczny, _cKatedra Inżynierii Produkcji |
||
| 245 |
_aKomputerowo zintegrowane wytwarzanie / _cJarosław Plichta, Stanisława Plichta. |
||
| 260 | _c1999. | ||
| 500 | _aDane z autopsji. | ||
| 520 | _aAutorzy artykułu przedstawiają ewolucję strategii wytwarzania, system Planowania i Sterowania Produkcją (PPC), system CAD/CAM oraz systemy komunikacyjne w CIM. | ||
| 650 | _aProdukcja. | ||
| 650 | 0 | _aProjektowanie - oprogramowanie. | |
| 700 |
_aPLICHTA, Stanisława. _d1996 - 2005. _bPolitechnika Koszalińska - Wydział Mechaniczny, _cKatedra Mechaniki Precyzyjnej |
||
| 773 |
_iW : _tKoszalińskie Studia i Materiały. - _dKoszalin : Wydaw, Uczelniane Politechniki Koszalińskiej, 1999. - _gnr 1, s. 205-218 |
||
| 942 |
_cART _2UKD |
||
| 999 |
_c4083 _d4083 |
||